Faza pucharowa Ligi Mistrzów 25/26 - Statystyki

Ogólne statystyki
  • Ten quiz został rozwiązany 38 razy
    25 od ostatniego zresetowania
  • Średni wynik to 18 z 24
Statystyki odpowiedzi
Miejsce
w fazie
ligowej
Federacja Klub % Poprawnych
1. Anglia Arsenal
95%
2. Niemcy Bayern Monachium
89%
5. Hiszpania FC Barcelona
89%
10. Włochy Inter Mediolan
89%
3. Anglia Liverpool F.C
89%
9. Hiszpania Real Madryt
89%
7. Portugalia Sporting CP
89%
8. Anglia Manchester City
84%
14. Hiszpania Atletico Madryt
79%
17. Niemcy Borussia Dortmund
79%
13. Włochy Juventus F.C
79%
24. Portugalia SL Benfica
79%
23. Norwegia Bodo Glimt
74%
6. Anglia Chelsea
74%
21. Francja AS Monaco
68%
19. Belgia Club Brugge
68%
20 Turcja Galatasaray
68%
12. Anglia Newcastle
63%
4. Anglia Tottenham Hotspur
63%
11. Francja Paris Saint Germain
58%
15. Włochy Atalanta
53%
16. Niemcy Bayer Leverkusen
53%
22. Azerbejdżan Karabach Agdam
53%
18. Grecja Olympiakos SFP
53%
Nie znaleziono quizów pasujących do podanych kryteriów
Rozkład punktacji
Procent ludzi z każdym wynikiem
Percentyl według liczby udzielonych odpowiedzi
Twoja historia wyników
Nie rozwiązałeś tego quizu od ostatniego zresetowania